000
00409nam a2200121Ia 4500
008
191206s9999 xx 000 0 und d
090
_a
PN99G7E5
245
0
_a
English critical texts: 16th century to 20th century
260
_a
Oxford University Press
260
_c
c1962
300
_a
398 p. 23 cm.
999
_c
15908
_d
15908